| 000 | 01086nam0a22002531 4500 | ||
|---|---|---|---|
| 001 | rc\2378540 | ||
| 005 | 20260407131451.0 | ||
| 035 | _a(NLR Aleph) 006501027 | ||
| 090 |
_a6231454 _c6231454 |
||
| 100 | _a20110829d1979 |||y0rusy50 ca | ||
| 101 | 0 | _arus | |
| 102 | _aRU | ||
| 105 | _aa z ||||| | ||
| 200 | 1 |
_aРасчет смеси идеальных газов _eМетод. руководство _fМ-во высш. и сред. спец. образования СССР, Николаев. кораблестроит. ин-т им. адм. С.О. Макарова _g[В.И. Бараненко и др.] |
|
| 210 |
_aНиколаев _cНКИ _d1979 |
||
| 215 |
_a61 с. _cсхем. _d26 |
||
| 320 | _aБиблиогр.: с. 45 | ||
| 702 | 1 |
_aБараненко _bВ.И. _gВалерий Иванович _4220 |
|
| 712 | 0 | 2 |
_aНиколаевский кораблестроительный институт им. С. О. Макарова _3RU\NLR\AUTH\889985068 _9465748 |
| 801 | 0 |
_aRU _bNLR _gpsbo |
|
| 801 | 1 |
_aRU _bELAR _2rusmarc |
|
| 852 |
_aNLR _j80-7/278 |
||
| 942 | _cBOOK | ||
| 980 | _aNB | ||